Top Arabic-speaking countries - With Map - Statistics

General Stats
  • This quiz has been taken 35 times
  • The average score is 19 of 20
Answers on the Map
Answers color-coded by a green-red scale on the quiz's map according to % correct below.
 
Answer Stats
Rank Answer Approx % Correct
1 Egypt 100 million
100%
4 Iraq 39 million
100%
13 Lebanon 6 million
100%
12 Libya 7 million
100%
15 Oman 5 million
100%
18 Qatar 3 million
100%
6 Saudi Arabia 34 million
100%
8 Syria 18 million
100%
11 United Arab Emirates 10 million
100%
7 Yemen 31 million
100%
2 Algeria 44 million
97%
10 Jordan 11 million
97%
16 Kuwait 4 million
97%
5 Morocco 37 million
97%
9 Tunisia 12 million
97%
3 Sudan 40 million
94%
19 Bahrain 1 million
90%
17 Mauritania 4 million
90%
20 Comoros 1 million
65%
14 Palestine 5 million
55%
No matching quizzes found
Score Distribution
Percent of People with Each Score
Percentile by Number Answered
Your Score History
You have not taken this quiz